书目信息 |
| 题名: |
长江中游城市群发展报告
|
|
| 作者: | 秦尊文 主编 | |
| 分册: | 2020 夺取新冠肺炎疫情防控和经济社会发展双胜利 | |
| 出版信息: | 北京 社会科学文献出版社 2020.12 |
|
| 页数: | 286页 | |
| 开本: | 24cm | |
| 丛书名: | 皮书系列 | |
| 单 册: | ||
| 中图分类: | F299.275 | |
| 科图分类: | ||
| 主题词: | ||
| 电子资源: | ||
| ISBN: | 978-7-5201-7671-2 | |
| 000 | 01898nam 2200325 450 | |
| 001 | 202021193193 | |
| 005 | 20211025120136.0 | |
| 010 | @a978-7-5201-7671-2@dCNY128.00 | |
| 100 | @a20210927d2020 em y0chiy50 ea | |
| 101 | 0 | @achi@deng@eeng |
| 102 | @aCN@b110000 | |
| 105 | @aak a 000yy | |
| 106 | @ar | |
| 200 | 1 | @a长江中游城市群发展报告@Achang jiang zhong you cheng shi qun fa zhan bao gao@h2020@d= The development report on Changjiang middle reaches megalopolis@h2020@i夺取新冠肺炎疫情防控和经济社会发展双胜利@f主编秦尊文@zeng |
| 210 | @a北京@c社会科学文献出版社@d2020.12 | |
| 215 | @a286页@c图@d24cm | |
| 225 | 2 | @a皮书系列@Api shu xi lie |
| 300 | @a中三角蓝皮书 No.7 2020版 | |
| 314 | @a秦尊文, 湖北省政府咨询委员。 | |
| 320 | @a有书目 | |
| 330 | @a本书由总报告、专题篇和区域篇三部分组成, 共计14篇研究报告。总报告介绍新冠肺炎疫情对长江中游城市群的影响和冲击, 总结长江中游三省成功抗击新冠肺炎疫情和推动经济复苏的实践经验, 提出加快长江中游城市群经济社会发展的对策建议。专题篇由4篇报告构成, 主要从长江中游地区打造中部强大市场、布局汽车产业链、发展开放型经济、以高水平环境治理推动高质量发展等方面进行研究。区域篇由9篇报告构成, 分别研究有关省、市在抗击新冠肺炎疫情的背景下推动经济高质量发展、开展长江大保护、推进制度创新、制定国土空间规划、打造国际消费中心城市和特色产业增长极, 展示了长江中游城市群疫后重振、浴火重生的决心和谋略。 | |
| 410 | 0 | @12001 @a皮书系列 |
| 510 | 1 | @aDevelopment report on Changjiang middle reaches megalopolis@h2020@zeng |
| 516 | 1 | @a2020中三角蓝皮书@A2020 zhong san jiao lan pi shu |
| 517 | 1 | @a夺取新冠肺炎疫情防控和经济社会发展双胜利@Aduo qu xin guan fei yan yi qing fang kong he jing ji she hui fa zhan shuang sheng li |
| 607 | @a长江中下游@Achang jiang zhong xia you@x城市群@x发展@x研究报告@z2020 | |
| 690 | @aF299.275@v5 | |
| 701 | 0 | @a秦尊文@Aqin zun wen@4主编 |
| 801 | 0 | @aCN@c20210909 |
| 905 | @a河南城建学院图书馆@dF299.275@eQ457 | |
| 长江中游城市群发展报告.2020= The development report on Changjiang middle reaches megalopolis.2020.夺取新冠肺炎疫情防控和经济社会发展双胜利/主编秦尊文.-北京:社会科学文献出版社,2020.12 |
| 286页:图;24cm.-(皮书系列) |
| 中三角蓝皮书 No.7 2020版 |
| ISBN 978-7-5201-7671-2:CNY128.00 |
| 本书由总报告、专题篇和区域篇三部分组成, 共计14篇研究报告。总报告介绍新冠肺炎疫情对长江中游城市群的影响和冲击, 总结长江中游三省成功抗击新冠肺炎疫情和推动经济复苏的实践经验, 提出加快长江中游城市群经济社会发展的对策建议。专题篇由4篇报告构成, 主要从长江中游地区打造中部强大市场、布局汽车产业链、发展开放型经济、以高水平环境治理推动高质量发展等方面进行研究。区域篇由9篇报告构成, 分别研究有关省、市在抗击新冠肺炎疫情的背景下推动经济高质量发展、开展长江大保护、推进制度创新、制定国土空间规划、打造国际消费中心城市和特色产业增长极, 展示了长江中游城市群疫后重振、浴火重生的决心和谋略。 |
| ● |
| 相关链接 |
|
|
|
正题名:长江中游城市群发展报告
索取号:F299.275/Q457
 
预约/预借
| 序号 | 登录号 | 条形码 | 馆藏地/架位号 | 状态 | 备注 |
| 1 | 1542180 | 215421808 | 社科库409/409社科库 32排1列1层/ [索取号:F299.275/Q457] | 在馆 |